000 01348nam a22003737a 4500
003 CHAP
005 20220329143316.0
008 080429d2005 us ad r 00110 eng d
010 _a94764
011 _a95736
020 _a9780471470151
035 _a106366
040 _cCHAP
082 0 4 _a660.28427
_bM2 2005
100 1 _aMcQuiston, Faye C.
_973748
245 1 0 _aHeating, ventilating, and air conditioning :
_banalysis and design
_c/by Faye C. McQuiston, Jerald D. Parker and Jeffrey D. Spitler
250 _a6 ed.
260 _aHoboken, NJ :
_bWiley,
_cc2005
300 _axviii, 623 p. :
_bilus. ; gráfs. ; tablas
590 _aBATCH-UPD
_b10
_c20130110
_lUCH01
_h0241
590 _aBATCH-UPD
_b10
_c20130110
_lUCH01
_h1100
590 _aBATCH-UPD
_b10
_c20130409
_lUCH01
_h2308
590 _aBATCH-UPD
_b10
_c20130913
_lUCH01
_h2346
590 _aCONVERSION
_b10
_c20130109
_lUCH01
_h1352
650 1 4 _aAire acondicionado.
_93151
650 1 4 _aCalefacción.
_917458
650 1 4 _aVentiladores.
_9118733
700 1 _aParker, Jerald D.
_985596
700 1 _aSpitler, Jeffrey D.
_9109245
901 _aBK
942 _cLIBRO
949 _a660.28427 M2 2005
_bBC
_cLIBRO
_d33724002055264
_eLIBRO
_gI.237630
_h109484
_i106366
_sb
_t$1543.40
949 _a660.28427 M2 2005
_bBC
_cLIBRO
_d33724002055272
_eLIBRO
_fc.2
_gI.237631
_h109485
_i106366
_si
_t$1543.40
999 _c94764
_d94764